[Event "GER-chT North U14"]
[Site "Magdeburg"]
[Date "2012.09.07"]
[Round "4.3"]
[White "Peglau, Lars"]
[Black "Geue, Niklas"]
[Result "1/2-1/2"]
[WhiteElo "1321"]
[BlackElo "1323"]
[PlyCount "39"]
[EventDate "2012.09.06"]
[EventType "team-swiss"]
[EventRounds "7"]
[EventCountry "GER"]
[SourceTitle "EXT 2015"]
[Source "ChessBase"]
[SourceDate "2014.11.20"]
[SourceVersion "1"]
[SourceVersionDate "2014.11.20"]
[SourceQuality "1"]
[WhiteTeam "Stade"]
[BlackTeam "Magdeburg USC"]
[WhiteTeamCountry "GER"]
[BlackTeamCountry "GER"]

1. e4 e6 2. d4 d5 3. Nc3 Bb4 4. e5 c5 5. a3 Bxc3+ 6. bxc3 Ne7 7. Nf3 c4 8. Be2 Nbc6 9. 0-0 Bd7 10. Bg5 0-0 11. Qd2 Qc7 12. Qf4 Qa5 13. Qd2 b5 14. Rfb1 Rab8 15. h4 Kh8 16. h5 Ng8 17. h6 g6 18. Qf4 f5 19. Qd2 a6 20. Nh2 1/2-1/2